000 00793nam a2200241Ia 4500
003 LK-CoDNM
008 010623t xxu||||| |||| 00| 1 sin d
040 _aLK-CoDNM
_dLK-CoDNM
_eLK-CoDNM
041 _asin
080 _aX 954.3 KAN
100 _aGunawardena,Y.W.
_eed.
245 _aලංකාවේ නැගෙනහිර පලාත,මඩකලපුව දිස්ත්‍රික්කයේ වත්තාන්තය
246 _aLankawe Negenahira Palata,Madakalapuwa Distrikkaye Vrutantaya
260 _bVisidunu
_aBoralesgamuwa
300 _bxii,184p,Pl., 21 100: 978-955-1741-05-1 cm
650 _aBatticaloa
650 _aDeegavapi
650 _aInscription
650 _aKovil
650 _aTrincomale
700 _aKanagarathnam,S.O.
_eed.
942 _cBK
999 _c140752
_d140752